| 000 | 006660000a22002170004500 | ||
|---|---|---|---|
| 003 | LK-CoMWRAF | ||
| 005 | 20231122120047.0 | ||
| 008 | 230817t1998 ||||| |||| 00| 0 eng d | ||
| 020 | _a9559052535 | ||
| 040 |
_aLK-CoMWRAF _dLK-CoMWRAF _eLK-CoMWRAF |
||
| 041 | _aeng | ||
| 082 |
_a303.62 _bPER |
||
| 100 | _aPerera, Sasanka | ||
| 245 |
_a Political violence in Sri Lanka: _bdynamics, consequences, and issues of democratization |
||
| 260 |
_aColombo: _bCentre for Women's Research, _c1998 |
||
| 300 | _a100 p. ; 23 cm. | ||
| 650 | _a Violence--Sri Lanka | ||
| 650 | _aSri Lanka--Politics and government | ||
| 650 | _aSri Lanka--Ethnic relations | ||
| 942 | _cBK | ||
| 999 |
_c3100 _d3100 |
||